000 00600nas a2200205 4500
001 BR7305510
003 BR-BrBNA
005 20231205082534.0
007 ta
008 230509b bl.|||p| |||| 00| 00por d
040 _aBR-BrBNA
_bpor
_cBiblioteca Nacional de Agricultura
041 _a(Pt)
072 _aL36
100 1 _aHall, G.A.B.
245 1 _aO valor de uma analise bromatologica
650 _aANALISE DE ALIMENTO
773 0 _tRevista dos Criadores (Brazil)
_xISSN 0034-9259
_g(Sep 1976), v. 46(560) p. 16-18
_wBR7305510
909 _a202311
_bLúcia
_c55
_dLúcia Elande
942 _2AGRIS
_n0
_cANA
999 _c92630
_d92630